000 01031nas a22003257i 4500
005 20210323124925.0
008 210323s2021 my mr||e |||| 00| 0 eng d
020 _qpaperback
022 _a1985-5737
040 _aPPAK
_beng
_cPPAK
_erda
082 0 4 _223
_a305.3105
090 0 0 _a305.3105
_bNAR
_dR
100 1 _aNaramol, Grace,
_eauthor.
245 1 0 _aAUGUSTMAN /
_cGrace Naramol, Zech Pharamond ; Photographers: Kim Mun, Xerxes Lee
264 1 _aKuala Lumpur :
_bHubert Burda Media Malaysia Sdn. Bhd.,
_c[2021?]
300 _a111 pages :
_bcolour photographs ;
_c28 cm
310 _aMonthly
362 0 _aJANUARY/FEBRUARY (2021-)
365 _a00140
_b14.00
_cRM
500 _aTitle from cover
500 _aJANUARY / FEBRUARY 2021
500 _aISSUE 140
650 1 0 _aMen
_zMalaysia
_vPeriodicals
650 1 0 _aMalaysian periodicals
700 1 _aPharamond, Zech,
_eauthor.
700 1 _aKim, Mun,
_ephotographer.
700 1 _aXerxes, Lee,
_ephotographer.
850 _8(2021)-
_aPPAK
942 _2ddc
_cSR
999 _c182881
_d182881